Comportamiento geotécnico de cenizas volantes en rellenos compactados y su evolución a lo largo del tiempo
Na minha lista:
| Autor principal: | |
|---|---|
| Formato: | Livro |
| Idioma: | espanhol |
| Publicado em: |
Madrid
Laboratorio de Geotecnia
1993
|
| Colecção: | Monografías
|
| Assuntos: | |
| Tags: |
Adicionar Tag
Sem tags, seja o primeiro a adicionar uma tag!
|
MARC
| LEADER | 00000nam a2200000 a 4500 | ||
|---|---|---|---|
| 001 | UCH7348 | ||
| 003 | CL-VaPUC | ||
| 008 | 091112e19930000SP |||||||||||||||||spa|d | ||
| 082 | 0 | 4 | |a 691.3 |b PAR |2 21 |
| 100 | |a Pardo de Santayana Carrillo, Fernando |e autor |9 543785 | ||
| 245 | 1 | 0 | |a Comportamiento geotécnico de cenizas volantes en rellenos compactados y su evolución a lo largo del tiempo |
| 300 | |a 247 p | ||
| 942 | |c BK | ||
| 945 | |d 20091112 00:00:00 |a rbrito | ||
| 260 | |a Madrid |b Laboratorio de Geotecnia |c 1993 | ||
| 650 | 0 | |a Cenizas volantes |9 543786 | |
| 650 | 7 | |a RELLENOS SANITARIOS |2 CL-VaPUC |9 411212 | |
| 650 | 0 | |a Resistencia de materiales |9 435417 | |
| 650 | 7 | |a GEOTECNIA |2 CL-VaPUC |9 345453 | |
| 650 | 7 | |a TOXICIDAD |2 CL-VaPUC |9 405772 | |
| 650 | 7 | |a SUELOS CONTAMINADOS |2 CL-VaPUC |9 543787 | |
| 650 | 7 | |a CONTAMINACION |2 CL-VaPUC |9 258139 | |
| 583 | |a last modification |c 20091112 00:00:00 |k Rodrigo Vera | ||
| 490 | 0 | |a Monografías | |
| 999 | |c 337994 |d 337992 | ||
| 952 | |0 0 |1 0 |4 0 |6 691_300000000000000_PAR_1993 |7 0 |8 A |9 430749 |a BIBING |b BIBING |d 2019-11-22 |i 461688K |o 691.3 PAR 1993 |p 461688K |r 2025-01-20 |w 2019-11-22 |y BK |k CCL | ||